Xu thế tăng cường đầu tư, thương mại và hỗ trợ phát triển của Hàn Quốc ở tiểu vùng sông Mê Kông /

Guardat en:
Dades bibliogràfiques
Autor principal: Nguyễn Thị Thắm, TS.
Format: Article
Idioma:Vietnamese
Matèries:
ODA
Etiquetes: Afegir etiqueta
Sense etiquetes, Sigues el primer a etiquetar aquest registre!
Thư viện lưu trữ: Thư viện Trường Đại học Đà Lạt
LEADER 00871nam a2200277 4500
001 DLU140164599
005 ##20141006
040 # # |a DLU  |b vie 
041 # # |a vie 
044 # # |a vn 
100 # # |a Nguyễn Thị Thắm,   |c TS. 
245 # # |a Xu thế tăng cường đầu tư, thương mại và hỗ trợ phát triển của Hàn Quốc ở tiểu vùng sông Mê Kông /  |c Nguyễn Thị Thắm. 
653 # # |a Đầu tư 
653 # # |a Hàn Quốc 
653 # # |a ODA 
653 # # |a Thương mại 
773 # # |t Tạp chí Nghiên cứu Đông Bắc Á  |g Số 11(153), 2013, tr.10-19 
920 # # |a Phòng Tạp chí -- Trung tâm Thông tin - Thư viện Trường Đại học Đà Lạt 
994 # # |a DLU 
900 # # |a True 
911 # # |a Trần Thị Minh Hương 
925 # # |a G 
926 # # |a A 
927 # # |a BB 
980 # # |a Thư viện Trường Đại học Đà Lạt